Music Quiz

Random Music Quiz

Name the Act 1 Finale's Quiz Stats

 Plays Quiz not verified by Sporcle

Also try: 2-Word Bands (A-Z)
Challenge
Share
Tweet
Embed
Score 0/13 Timer 10:00
0 Plays Today
Hint Answer % Correct
WickedDefying Gravity
83.3%
Les MiserablesOne Day More
72.2%
RentLa Vie Boheme
66.7%
Legally BlondeSo Much Better
50%
HairsprayBig, Blonde, And Beautiful
33.3%
The Little MermaidPoor Unfortunate Souls
27.8%
Avenue QThere's A Fine, Fine Line
27.8%
CompanyMarry Me A Little
22.2%
DreamgirlsAnd I Am Telling You I'm Not Going
22.2%
The Sound Of MusicClimb Ev'ry Mountain
22.2%
My Fair LadyOn The Street Where You Live
16.7%
Grey GardensWill You?
11.1%
AnnieWon't Be An Orphan For Long
5.6%

You're not logged in!

Compare scores with friends on all Sporcle quizzes.
OR
Log In

You Might Also Like...

Show Comments

Extras

Created Jan 21, 2014ReportNominate
Tags:act, finale

Top Quizzes Today


Score Distribution

Your Account Isn't Verified!

In order to create a playlist on Sporcle, you need to verify the email address you used during registration. Go to your Sporcle Settings to finish the process.

Report this User

Report this user for behavior that violates our Community Guidelines.

Details: